| 000 | 00903nam a2200217 4500 | ||
|---|---|---|---|
| 999 |
_c13833 _d13833 |
||
| 020 | _a9739716301227 | ||
| 082 | _aFil. 899.2113 F6345q 2020 | ||
| 100 | _aFlores, Lin Acacio | ||
| 245 |
_aThe Quarreling kites _cwritten by: Lin Acacio Flores ; illustrated by: Hermes Alegre |
||
| 260 |
_aManila _bTahanan Books for Young Readers _cc2000 |
||
| 300 |
_a32 pages _bcol. ill. |
||
| 520 | _aThe story follows the "quarreling" adventures of two kites—one big and one small—flown by a father and son on golden afternoons. It explores themes of camaraderie, rivalry, and the unspoken bond of love between parent and child. | ||
| 526 | _aFILIPINIANA | ||
| 650 | _aKites—Fiction | ||
| 650 | _aFathers and sons—Fiction | ||
| 650 | _aCompetition (Psychology)—Fiction | ||
| 650 | _aPhilippine fiction (English). | ||
| 650 | _aFriendship -- Fiction | ||
| 700 | _aAlegre, Hermes | ||
| 942 |
_2ddc _cBK |
||